[Event "Abu Dhabi op 29th"]
[Site "Abu Dhabi"]
[Date "2023.08.23"]
[Round "8"]
[White "Mustafayev, Farid Farman Oglu"]
[Black "Zou, Chen"]
[Result "0-1"]
[WhiteElo "2326"]
[BlackElo "2429"]
[PlyCount "129"]
[EventDate "2023.08.16"]
[EventType "swiss"]
[EventRounds "9"]
[EventCountry "UAE"]
[SourceTitle "EXT 2024"]
[Source "ChessBase"]
[SourceDate "2023.10.10"]
[SourceVersion "1"]
[SourceVersionDate "2023.10.10"]
[SourceQuality "1"]

1. d4 Nf6 2. Nf3 g6 3. Bf4 Bg7 4. Nbd2 0-0 5. e3 d6 6. Be2 Nbd7 7. h3 b6 8. a4 a6 9. 0-0 Bb7 10. Bh2 Re8 11. Nc4 Ne4 12. Ra3 c5 13. c3 Qc7 14. Ncd2 Nef6 15. Bc4 Qc6 16. e4 cxd4 17. Nxd4 Qc8 18. Re1 Bh6 19. N4f3 Nc5 20. e5 dxe5 21. Nxe5 e6 22. Ndf3 Ncd7 23. Qd4 Nxe5 24. Nxe5 Qd8 25. Qh4 Qd2 26. Raa1 Bg5 27. Re2 Qxe2 28. Qxg5 Qxf2+ 29. Kxf2 Ne4+ 30. Ke3 Nxg5 31. Nd7 Ne4 32. Nxb6 Ra7 33. Rd1 Bc6 34. a5 Kg7 35. Be2 e5 36. Nc4 Rae7 37. Bf3 f5 38. Bxe4 Bxe4 39. Nd6 Bxg2 40. Nxe8+ Rxe8 41. Rd7+ Kh6 42. h4 f4+ 43. Kf2 Bh3 44. Rd5 g5 45. Rd6+ Re6 46. hxg5+ Kxg5 47. Rd5 Kg4 48. Rd7 h5 49. c4 Rf6 50. Re7 Kf5 51. c5 e4 52. b4 e3+ 53. Ke1 Bg2 54. Bg1 Re6 55. Rh7 Kg6 56. Rd7 h4 57. Rd4 Kf5 58. Rd8 f3 59. Rf8+ Kg6 60. Rh8 h3 61. c6 f2+ 62. Bxf2 exf2+ 63. Kxf2 Rxc6 64. Rb8 Rc2+ 65. Kg3 0-1

[Event "Abu Dhabi op 29th"]
[Site "Abu Dhabi"]
[Date "2023.08.20"]
[Round "5"]
[White "Madaminov, Mukhiddin"]
[Black "Mustafayev, Farid Farman Oglu"]
[Result "1-0"]
[WhiteElo "2484"]
[BlackElo "2326"]
[PlyCount "87"]
[EventDate "2023.08.16"]
[EventType "swiss"]
[EventRounds "9"]
[EventCountry "UAE"]
[SourceTitle "EXT 2024"]
[Source "ChessBase"]
[SourceDate "2023.10.10"]
[SourceVersion "1"]
[SourceVersionDate "2023.10.10"]
[SourceQuality "1"]

1. e4 c6 2. Nf3 d5 3. Nc3 dxe4 4. Nxe4 Nf6 5. Qe2 Nxe4 6. Qxe4 Qd5 7. Qf4 Qf5 8. Qe3 Qe6 9. b3 Qxe3+ 10. fxe3 Bf5 11. Bb2 Nd7 12. 0-0-0 e6 13. h3 h6 14. g4 Be4 15. Be2 Rg8 16. a4 Bc5 17. Rhg1 g5 18. Rdf1 f6 19. Rf2 0-0-0 20. Rgf1 Rde8 21. Nd4 Bd6 22. Bc4 Bd5 23. Bxd5 cxd5 24. Nb5 Bc5 25. d4 Be7 26. Nxa7+ Kb8 27. Nb5 h5 28. Kd2 hxg4 29. hxg4 Rh8 30. Ba3 Bxa3 31. Nxa3 Rh4 32. Rg2 Reh8 33. c4 Rh2 34. Rff2 Rxg2 35. Rxg2 dxc4 36. Nxc4 Rh1 37. Kd3 Rd1+ 38. Kc2 Rh1 39. b4 Ra1 40. a5 Ra2+ 41. Nb2 Ra3 42. Rg3 b5 43. Nd3 Kc7 44. Nc1 1-0

[Event "Titled Tuesday intern op 30th May Late"]
[Site "Chess.com INT"]
[Date "2023.05.30"]
[Round "2"]
[White "Mustafayev, Farid Farman Oglu"]
[Black "Mahdavi, Reza"]
[Result "1-0"]
[WhiteElo "2316"]
[BlackElo "2339"]
[PlyCount "93"]
[EventDate "2023.05.30"]
[EventType "swiss (blitz)"]
[EventRounds "11"]
[EventCountry "USA"]
[SourceTitle "CBM 214 Extra"]
[Source "ChessBase"]
[SourceDate "2023.07.31"]
[SourceVersion "1"]
[SourceVersionDate "2023.07.31"]
[SourceQuality "1"]

1. c4 e5 2. d3 Nf6 3. g3 c6 4. Bg2 Bb4+ 5. Nd2 d6 6. Ngf3 a5 7. 0-0 0-0 8. a3 Bc5 9. b3 Re8 10. Bb2 Nbd7 11. Qc2 Qb6 12. e3 Qc7 13. Rfe1 Nf8 14. Rad1 Bf5 15. h3 h6 16. Ne4 Nxe4 17. dxe4 Be6 18. Nh4 Qe7 19. Nf5 Bxf5 20. exf5 Nd7 21. Qd2 Nf6 22. b4 axb4 23. axb4 Bb6 24. Qxd6 Ra4 25. Qxe7 Rxe7 26. c5 Rxb4 27. Bc3 Rc4 28. cxb6 Rxc3 29. Rd8+ Kh7 30. Rb1 e4 31. Rc8 Nd5 32. f6 gxf6 33. h4 f5 34. h5 Kg7 35. Bf1 Rd7 36. Bh3 Ne7 37. Rc7 Rcd3 38. g4 Kf6 39. gxf5 Rxc7 40. bxc7 b5 41. Ra1 Rd7 42. Ra7 Nc8 43. Rb7 Nd6 44. c8Q Rxb7 45. Qxc6 Ke5 46. Bg2 Rb8 47. Qc5+ 1-0

[Event "Titled Tuesday intern op 02nd May Late"]
[Site "Chess.com INT"]
[Date "2023.05.02"]
[Round "7"]
[White "Mustafayev, Farid Farman Oglu"]
[Black "Bilych, Olexiy"]
[Result "0-1"]
[WhiteElo "2316"]
[BlackElo "2441"]
[PlyCount "96"]
[EventDate "2023.05.02"]
[EventType "swiss (blitz)"]
[EventRounds "11"]
[EventCountry "USA"]
[SourceTitle "EXT 2024"]
[Source "ChessBase"]
[SourceDate "2023.10.10"]
[SourceVersion "1"]
[SourceVersionDate "2023.10.10"]
[SourceQuality "1"]

1. c4 e5 2. Nc3 Nf6 3. g3 c6 4. Bg2 d5 5. cxd5 cxd5 6. d4 e4 7. Nh3 h6 8. 0-0 Bb4 9. Bf4 0-0 10. Be5 Nbd7 11. Nf4 Bxc3 12. bxc3 Re8 13. Bxf6 Nxf6 14. e3 b6 15. Qa4 Bd7 16. Qb3 Bc8 17. Qb5 Qd7 18. Qxd7 Bxd7 19. Rfc1 Bb5 20. Bf1 Bxf1 21. Kxf1 Rec8 22. Rab1 g5 23. Ne2 Rc4 24. Rb4 Rac8 25. Rxc4 Rxc4 26. Kg2 Kf8 27. Rb1 Ra4 28. Rb2 Ke7 29. h3 Ne8 30. g4 Nd6 31. Ng3 Ke6 32. Rc2 Rc4 33. f3 b5 34. fxe4 dxe4 35. Ne2 f6 36. Rb2 Ra4 37. Kf2 Kd5 38. Ke1 a6 39. Kf2 f5 40. gxf5 Nxf5 41. Rc2 Rc4 42. Rc1 Ra4 43. Rc2 h5 44. c4+ Rxc4 45. Nc3+ Ke6 46. a3 a5 47. d5+ Ke5 48. d6 Nxd6 0-1

[Event "Titled Tuesday intern op 02nd May Late"]
[Site "Chess.com INT"]
[Date "2023.05.02"]
[Round "5"]
[White "Mustafayev, Farid Farman Oglu"]
[Black "Szpar, Milosz"]
[Result "1-0"]
[WhiteElo "2316"]
[BlackElo "2447"]
[PlyCount "119"]
[EventDate "2023.05.02"]
[EventType "swiss (blitz)"]
[EventRounds "11"]
[EventCountry "USA"]
[SourceTitle "EXT 2024"]
[Source "ChessBase"]
[SourceDate "2023.10.10"]
[SourceVersion "1"]
[SourceVersionDate "2023.10.10"]
[SourceQuality "1"]

1. c4 e5 2. g3 Nf6 3. Bg2 c6 4. d4 exd4 5. Qxd4 Na6 6. Nf3 d5 7. 0-0 Nb4 8. Na3 Be7 9. Bf4 0-0 10. Rfd1 h6 11. Be5 Be6 12. cxd5 Nbxd5 13. e4 Nb6 14. Qc3 Qc8 15. Nd4 Bg4 16. f3 Be6 17. Rac1 Re8 18. Nb1 a5 19. b3 a4 20. Qe3 axb3 21. axb3 Nbd7 22. Nxe6 Nxe5 23. Nd4 Bd8 24. Nf5 Bc7 25. h3 Qb8 26. f4 Ng6 27. e5 Nxe5 28. fxe5 Rxe5 29. Qf3 Rxf5 30. Qxf5 Bxg3 31. Nc3 Qa7+ 32. Kh1 Re8 33. Ne4 Nxe4 34. Bxe4 g6 35. Qf3 Be5 36. Rd7 Rf8 37. Rf1 Qa2 38. Rf2 Qa1+ 39. Kg2 Qc1 40. Rxf7 Qg5+ 41. Kh1 Qc1+ 42. Rf1 Qxf1+ 43. Qxf1 Rxf7 44. Qc4 Kg7 45. Qe6 Bf6 46. Qg4 Bg5 47. h4 Rf4 48. Qd7+ Rf7 49. Qe6 Bf6 50. Qg4 g5 51. h5 Be5 52. Qe6 Bf6 53. Qf5 Kf8 54. Qg6 Bg7 55. Bf5 Rf6 56. Qh7 b5 57. Kg2 c5 58. Bd3 c4 59. bxc4 bxc4 60. Bxc4 1-0

[Event "Titled Tuesday intern op 25th Apr Late"]
[Site "Chess.com INT"]
[Date "2023.04.25"]
[Round "9"]
[White "Mustafayev, Farid Farman Oglu"]
[Black "Osmonbekov, Talaibek D"]
[Result "0-1"]
[WhiteElo "2316"]
[BlackElo "2137"]
[PlyCount "104"]
[EventDate "2023.04.25"]
[EventType "swiss (blitz)"]
[EventRounds "11"]
[EventCountry "USA"]
[SourceTitle "EXT 2024"]
[Source "ChessBase"]
[SourceDate "2023.10.10"]
[SourceVersion "1"]
[SourceVersionDate "2023.10.10"]
[SourceQuality "1"]

1. e4 c5 2. Nf3 d6 3. d4 cxd4 4. Nxd4 Nf6 5. Nc3 g6 6. Be3 Bg7 7. f3 0-0 8. Qd2 Nc6 9. g4 h5 10. gxh5 Nxh5 11. 0-0-0 Bd7 12. f4 Nxd4 13. Bxd4 Bxd4 14. Qxd4 Nxf4 15. h4 Bg4 16. Rd2 e5 17. Qxd6 Qxd6 18. Rxd6 Rfd8 19. Rxd8+ Rxd8 20. Bc4 a6 21. a4 Rd4 22. b3 Kg7 23. Kb2 f5 24. exf5 gxf5 25. Re1 e4 26. a5 Kg6 27. Na4 Ng2 28. Rh1 Rd7 29. Nc5 Re7 30. Kc3 e3 31. Nd3 e2 32. Ne1 Nxe1 33. Rxe1 f4 34. Kd2 f3 35. Rg1 Kh5 36. Ke1 Kxh4 37. Kf2 Re5 38. Rh1+ Kg5 39. Re1 Kf4 40. Rh1 Rxa5 41. Re1 Rc5 42. Bd3 b5 43. Rh1 a5 44. Rh8 b4 45. Rf8+ Bf5 46. Rf7 Rd5 47. Rf8 Re5 48. Ke1 Ke3 49. Bxe2 fxe2 50. c3 bxc3 51. b4 c2 52. Rc8 Rd5 0-1

[Event "Titled Tuesday intern op 21st Mar Late"]
[Site "Chess.com INT"]
[Date "2023.03.21"]
[Round "7"]
[White "Mustafayev, Farid Farman Oglu"]
[Black "Gharibyan, Mamikon"]
[Result "0-1"]
[WhiteElo "2316"]
[BlackElo "2491"]
[PlyCount "66"]
[EventDate "2023.03.21"]
[EventType "swiss (blitz)"]
[EventRounds "11"]
[EventCountry "USA"]
[SourceTitle "EXT 2024"]
[Source "ChessBase"]
[SourceDate "2023.10.10"]
[SourceVersion "1"]
[SourceVersionDate "2023.10.10"]
[SourceQuality "1"]

1. Nf3 g6 2. c4 Bg7 3. g3 Nf6 4. Bg2 0-0 5. 0-0 c6 6. b3 Ne4 7. d4 d5 8. Bb2 Bf5 9. Nbd2 Nd7 10. Nh4 Nxd2 11. Qxd2 Be6 12. Rac1 a5 13. e4 dxe4 14. Bxe4 a4 15. b4 a3 16. Ba1 Nb6 17. Qd3 Ra4 18. Qb3 Qd6 19. Rfd1 Qxb4 20. Bd3 Nxc4 21. Bc3 Qb5 22. Rb1 Qa6 23. Qc2 b5 24. f4 Nb2 25. Rxb2 axb2 26. Qxb2 Rxa2 27. Qb4 Bd5 28. Qxe7 Qa3 29. Qxa3 Rxa3 30. Bb4 Bxd4+ 31. Kf1 Rxd3 32. Rxd3 Bc4 33. Ke2 Ra8 0-1

[Event "Titled Tuesday intern op 21st Mar Late"]
[Site "Chess.com INT"]
[Date "2023.03.21"]
[Round "4"]
[White "Mustafayev, Farid Farman Oglu"]
[Black "Perez Ponsa, Federico"]
[Result "1-0"]
[WhiteElo "2316"]
[BlackElo "2532"]
[PlyCount "55"]
[EventDate "2023.03.21"]
[EventType "swiss (blitz)"]
[EventRounds "11"]
[EventCountry "USA"]
[SourceTitle "EXT 2024"]
[Source "ChessBase"]
[SourceDate "2023.10.10"]
[SourceVersion "1"]
[SourceVersionDate "2023.10.10"]
[SourceQuality "1"]

1. Nf3 Nf6 2. g3 g6 3. Bg2 Bg7 4. 0-0 0-0 5. c4 d6 6. Nc3 Nc6 7. b3 e5 8. Bb2 Re8 9. d3 e4 10. Ng5 e3 11. fxe3 Ng4 12. Nxf7 Qd7 13. Bd5 Nxe3 14. Ne5+ Kh8 15. Nxd7 Nxd1 16. Raxd1 Bxd7 17. Rf7 Bd4+ 18. Kh1 Ne5 19. Rf4 Be3 20. Rff1 c6 21. Bg2 Bd4 22. h3 Rf8 23. Rf4 Be3 24. Ne4 Rxf4 25. gxf4 Bxf4 26. e3 Bh6 27. Nxd6 Bg7 28. Bxe5 1-0

[Event "Titled Tuesday intern op 28th Feb Late"]
[Site "Chess.com INT"]
[Date "2023.02.28"]
[Round "1"]
[White "Leschinsky, Gary"]
[Black "Mustafayev, Farid Farman Oglu"]
[Result "1-0"]
[WhiteElo "1947"]
[BlackElo "2287"]
[PlyCount "109"]
[EventDate "2023.02.28"]
[EventType "swiss (blitz)"]
[EventRounds "11"]
[EventCountry "USA"]
[SourceTitle "CBM 213 Extra"]
[Source "ChessBase"]
[SourceDate "2023.05.31"]
[SourceVersion "1"]
[SourceVersionDate "2023.05.31"]
[SourceQuality "1"]

1. d4 Nf6 2. c4 e6 3. Nc3 Bb4 4. e3 d5 5. Nf3 0-0 6. Bd2 c5 7. a3 Bxc3 8. Bxc3 Ne4 9. Rc1 Nxc3 10. Rxc3 cxd4 11. Nxd4 Nc6 12. cxd5 Nxd4 13. Qxd4 exd5 14. Be2 Be6 15. 0-0 Qg5 16. Bf3 b6 17. Rd1 Rfd8 18. Qd2 Rac8 19. Rxc8 Rxc8 20. g3 g6 21. Bxd5 Rd8 22. e4 Qxd2 23. Rxd2 Kg7 24. f4 f5 25. Rd3 Kf6 26. Kf2 Rc8 27. e5+ Ke7 28. Bxe6 Kxe6 29. Rc3 Rd8 30. Ke2 Rd4 31. Rc7 Re4+ 32. Kd3 g5 33. fxg5 Kxe5 34. Rxh7 Rg4 35. Rxa7 Rxg5 36. Ke3 Rh5 37. h4 Rh6 38. Re7+ Kd6 39. Rf7 Ke5 40. Re7+ Kd6 41. Re8 Rg6 42. Kf3 Rg4 43. Rb8 Kc7 44. Rf8 Rc4 45. Rxf5 Rc2 46. Rf7+ Kc6 47. Rf6+ Kb5 48. Rf4 Rxb2 49. Rb4+ Rxb4 50. axb4 Kxb4 51. h5 Ka3 52. h6 b5 53. h7 b4 54. h8Q b3 55. Qa1+ 1-0

[Event "Titled Tuesday intern op 28th Feb Late"]
[Site "Chess.com INT"]
[Date "2023.02.28"]
[Round "2"]
[White "Mustafayev, Farid Farman Oglu"]
[Black "Rangel, Daniel"]
[Result "1-0"]
[WhiteElo "2287"]
[BlackElo "2220"]
[PlyCount "69"]
[EventDate "2023.02.28"]
[EventType "swiss (blitz)"]
[EventRounds "11"]
[EventCountry "USA"]
[SourceTitle "CBM 213 Extra"]
[Source "ChessBase"]
[SourceDate "2023.05.31"]
[SourceVersion "1"]
[SourceVersionDate "2023.05.31"]
[SourceQuality "1"]

1. Nf3 Nf6 2. b3 e6 3. Bb2 d5 4. e3 Be7 5. Be2 0-0 6. 0-0 b6 7. d3 Bb7 8. Nbd2 c5 9. c4 Nbd7 10. a3 Re8 11. cxd5 exd5 12. Rc1 Bf8 13. d4 Rc8 14. h3 Rc7 15. dxc5 bxc5 16. Bb5 a6 17. Ba4 h6 18. b4 cxb4 19. Rxc7 Qxc7 20. Bxf6 gxf6 21. axb4 Bxb4 22. Nd4 Re5 23. N2f3 Re4 24. Nf5 Ne5 25. Nxh6+ Kf8 26. Nd4 Ng6 27. Nhf5 Bc8 28. Qh5 Kg8 29. Bc2 Re5 30. Qg4 Bf8 31. Qf3 Bxf5 32. Bxf5 Bc5 33. Nb3 Bd6 34. Rc1 Qd8 35. Rc8 1-0

[Event "Titled Tuesday intern op 28th Feb Late"]
[Site "Chess.com INT"]
[Date "2023.02.28"]
[Round "3"]
[White "Sreyas, Payyappat"]
[Black "Mustafayev, Farid Farman Oglu"]
[Result "0-1"]
[WhiteElo "2105"]
[BlackElo "2287"]
[PlyCount "104"]
[EventDate "2023.02.28"]
[EventType "swiss (blitz)"]
[EventRounds "11"]
[EventCountry "USA"]
[SourceTitle "CBM 213 Extra"]
[Source "ChessBase"]
[SourceDate "2023.05.31"]
[SourceVersion "1"]
[SourceVersionDate "2023.05.31"]
[SourceQuality "1"]

1. e4 c6 2. d4 d5 3. Nc3 dxe4 4. Nxe4 Nf6 5. Nxf6+ exf6 6. Bc4 Bd6 7. Qe2+ Qe7 8. Qxe7+ Kxe7 9. Ne2 Re8 10. 0-0 Bf5 11. c3 Nd7 12. Bf4 Bxf4 13. Nxf4 Kf8 14. Rfe1 g5 15. Nh5 Bg6 16. Ng3 Nb6 17. Bb3 a5 18. a4 f5 19. f3 h6 20. Kf2 Rad8 21. Bc2 f4 22. Ne4 Nc4 23. Rab1 Ne3 24. Bd3 Bxe4 25. fxe4 c5 26. d5 c4 27. Be2 Rxe4 28. Bf3 Re7 29. Re2 Nxd5 30. Rd2 Red7 31. Rbd1 Nb6 32. Rxd7 Rxd7 33. Rxd7 Nxd7 34. Bxb7 Nb6 35. Bc6 g4 36. h3 h5 37. hxg4 hxg4 38. g3 f3 39. Ke3 Ke7 40. Kf2 Kd6 41. Be8 f5 42. Ke3 Ke5 43. Bc6 Nd5+ 44. Kf2 f4 45. gxf4+ Nxf4 46. Bb5 Nd3+ 47. Kg3 Nxb2 48. Bc6 Nd3 49. Kxg4 f2 50. Bg2 Nc5 51. Bf1 Ne4 52. Kf3 Kd5 0-1

[Event "Titled Tuesday intern op 21st Feb Late"]
[Site "Chess.com INT"]
[Date "2023.02.21"]
[Round "3"]
[White "Jovic, Stanoje"]
[Black "Mustafayev, Farid Farman Oglu"]
[Result "0-1"]
[WhiteElo "2073"]
[BlackElo "2287"]
[PlyCount "118"]
[EventDate "2023.02.21"]
[EventType "swiss (blitz)"]
[EventRounds "11"]
[EventCountry "USA"]
[SourceTitle "CBM 212 Extra"]
[Source "ChessBase"]
[SourceDate "2023.03.31"]
[SourceVersion "1"]
[SourceVersionDate "2023.03.31"]
[SourceQuality "1"]

1. c4 Nf6 2. g3 g6 3. Bg2 Bg7 4. Nc3 0-0 5. Nf3 d6 6. 0-0 Nc6 7. d3 Rb8 8. Rb1 a6 9. b4 b5 10. cxb5 axb5 11. Qc2 Bd7 12. h3 Qc8 13. Kh2 e5 14. Be3 Ne7 15. Rfc1 Nf5 16. Bg5 c6 17. Ne4 Nxe4 18. dxe4 h6 19. exf5 hxg5 20. fxg6 Bf5 21. gxf7+ Rxf7 22. e4 Bg6 23. Nxg5 Rf8 24. Qxc6 Qxc6 25. Rxc6 Rxf2 26. a4 bxa4 27. Kg1 Rd2 28. Rc4 a3 29. Ra1 a2 30. h4 Rb2 31. Bf1 Ra8 32. Rcc1 Rxb4 33. Bc4+ Kh8 34. Rxa2 Rc8 35. Rac2 Bh6 36. Bd5 Rxc2 37. Rxc2 Bxg5 38. hxg5 Bxe4 39. Rc8+ Kg7 40. Rg8+ Kh7 41. g6+ Bxg6 42. Rd8 Rb6 43. Rd7+ Kh6 44. Kf2 Kg5 45. Rg7 Kf6 46. Rd7 Bf5 47. Rd8 Ke7 48. Ra8 Rb5 49. Bf3 e4 50. Be2 Rb3 51. Ra5 Kf6 52. g4 Be6 53. g5+ Kg6 54. Ra6 Kxg5 55. Rxd6 Bf5 56. Rd1 Kf4 57. Rh1 e3+ 58. Ke1 Rb1+ 59. Bd1 Bg4 0-1

[Event "AZE-ch Prelim 77th"]
[Site "Baku"]
[Date "2023.01.19"]
[Round "7"]
[White "Ahmad, Khagan"]
[Black "Mustafayev, Farid Farman Oglu"]
[Result "1/2-1/2"]
[WhiteElo "2133"]
[BlackElo "2302"]
[PlyCount "98"]
[EventDate "2023.01.13"]
[EventType "swiss"]
[EventRounds "9"]
[EventCountry "AZE"]
[SourceTitle "CBM 212 Extra"]
[Source "ChessBase"]
[SourceDate "2023.03.31"]
[SourceVersion "1"]
[SourceVersionDate "2023.03.31"]
[SourceQuality "1"]

1. e4 c6 2. d4 d5 3. Nc3 dxe4 4. Nxe4 Nf6 5. Nxf6+ exf6 6. c3 Bd6 7. Bd3 0-0 8. Qc2 h6 9. Ne2 Qc7 10. h3 Be6 11. 0-0 Re8 12. c4 Qd7 13. Qc3 Bf5 14. a3 c5 15. d5 Bxd3 16. Qxd3 Nc6 17. Bf4 Bxf4 18. Nxf4 Ne5 19. Qc2 b5 20. b3 bxc4 21. bxc4 Rab8 22. Rab1 Rb6 23. Rxb6 axb6 24. Rb1 Rb8 25. a4 Qa7 26. Nh5 Ra8 27. f4 Nd7 28. Re1 g6 29. Re7 Qxa4 30. Qe2 Qa1+ 31. Kh2 Nf8 32. f5 Qd4 33. fxg6 fxg6 34. Qg4 Qc3 35. d6 Rd8 36. Qd1 gxh5 37. Qxh5 f5 38. Qxh6 Qd4 39. Qg5+ Kh8 40. Qh5+ Kg8 41. Qg5+ Kh8 42. d7 Qd6+ 43. g3 Qd4 44. Qxf5 Qd2+ 45. Kh1 Qd1+ 46. Kg2 Qd2+ 47. Kf3 Qd1+ 48. Kg2 Qd2+ 49. Kf1 Qd1+ 1/2-1/2

[Event "Titled Tuesday intern op 03rd Jan Early"]
[Site "Chess.com INT"]
[Date "2023.01.03"]
[Round "1"]
[White "Mustafayev, Farid Farman Oglu"]
[Black "Qashashvili, Alexandre"]
[Result "1-0"]
[WhiteElo "2302"]
[BlackElo "2505"]
[PlyCount "161"]
[EventDate "2023.01.03"]
[EventType "swiss (blitz)"]
[EventRounds "11"]
[EventCountry "USA"]
[SourceTitle "EXT 2024"]
[Source "ChessBase"]
[SourceDate "2023.10.10"]
[SourceVersion "1"]
[SourceVersionDate "2023.10.10"]
[SourceQuality "1"]

1. d4 c6 2. Nf3 d5 3. g3 Bf5 4. Bg2 Nf6 5. 0-0 Qc8 6. c4 Bh3 7. Nc3 h5 8. cxd5 h4 9. Bg5 hxg3 10. fxg3 Bxg2 11. Kxg2 Qh3+ 12. Kg1 Ng4 13. Rf2 Nxf2 14. Kxf2 f6 15. Qb3 Qd7 16. Bf4 g5 17. Bd2 cxd5 18. Nxd5 Nc6 19. Rc1 Bh6 20. Rc5 g4 21. Bxh6 gxf3 22. Qe3 Kf7 23. exf3 Rae8 24. g4 b6 25. Rxc6 Qxc6 26. Nc3 Qe6 27. Qd2 f5 28. g5 Rd8 29. d5 Qe5 30. f4 Qd6 31. Qe2 Qc5+ 32. Kg2 Rxd5 33. Qh5+ Ke6 34. Qg6+ Kd7 35. Nxd5 Qxd5+ 36. Kg3 Rc8 37. Qh5 Rc2 38. Qf3 Qd2 39. Qb7+ Ke6 40. Qh1 Qf2+ 41. Kh3 Qxf4 42. Qe1+ Kf7 43. g6+ Kxg6 44. Bxf4 Rc4 45. Qe6+ Kg7 46. Be5+ Kh7 47. Qxf5+ Kh6 48. Qe6+ Kg5 49. Qxc4 Kf5 50. Qf4+ Ke6 51. Bb8 Kd5 52. Bxa7 Kc6 53. Qe3 e5 54. Qxb6+ Kd5 55. Qb5+ Ke4 56. Bb8 Kf3 57. Qxe5 Kf2 58. Ba7+ Kf1 59. Be3 Ke2 60. Qd4 Kf3 61. Bh6 Ke2 62. b4 Kf3 63. b5 Ke2 64. b6 Kf3 65. b7 Ke2 66. b8Q Kf1 67. a4 Ke2 68. a5 Kf1 69. a6 Ke2 70. a7 Kf1 71. a8Q Ke2 72. Kg3 Kf1 73. h4 Ke2 74. h5 Ke1 75. Bf4 Ke2 76. h6 Ke1 77. h7 Ke2 78. h8Q Kf1 79. Qh2 Ke1 80. Qa5+ Kf1 81. Qbb5# 1-0

[Event "Titled Tuesday intern op 13th Dec Early"]
[Site "Chess.com INT"]
[Date "2022.12.13"]
[Round "2"]
[White "Deac, Bogdan Daniel"]
[Black "Mustafayev, Farid Farman Oglu"]
[Result "1-0"]
[WhiteElo "2700"]
[BlackElo "2302"]
[PlyCount "123"]
[EventDate "2022.12.13"]
[EventType "swiss (blitz)"]
[EventRounds "11"]
[EventCountry "USA"]
[SourceTitle "EXT 2024"]
[Source "ChessBase"]
[SourceDate "2023.10.10"]
[SourceVersion "1"]
[SourceVersionDate "2023.10.10"]
[SourceQuality "1"]

1. b3 d5 2. Bb2 c5 3. e3 Nc6 4. Bb5 Nf6 5. Nf3 e6 6. Bxc6+ bxc6 7. Ne5 Qc7 8. 0-0 Bd6 9. f4 Rb8 10. Qe1 0-0 11. d3 Ba6 12. Qg3 Ne8 13. Nd2 f6 14. Nef3 c4 15. dxc4 dxc4 16. Rfd1 Qe7 17. Nd4 Rb6 18. Ne4 c5 19. Nf3 Bb7 20. Ned2 cxb3 21. axb3 Bb8 22. Nc4 Rc6 23. Na5 Rc8 24. Nxb7 Qxb7 25. Qh3 Qc6 26. Nd2 Nc7 27. Nc4 Nd5 28. Na5 Qe8 29. f5 Nc7 30. Nc4 Nd5 31. fxe6 Nb6 32. Nd6 Bxd6 33. Rxd6 Qe7 34. Rad1 Rfd8 35. Qg3 Rxd6 36. Rxd6 Rd8 37. Rxd8+ Qxd8 38. h3 Nd5 39. Qf3 Qd6 40. Qe4 Nc7 41. e7 Kf7 42. Qxh7 Qxe7 43. Qd3 Qe6 44. e4 Kg8 45. Ba3 Qb6 46. Qc4+ Ne6 47. Bc1 Qc6 48. Be3 Kf8 49. Qd5 Qc8 50. h4 Ke7 51. h5 Qc7 52. Kf2 a5 53. g3 Kf7 54. c4 Qb8 55. g4 Qc7 56. Kf3 Ke7 57. e5 Qxe5 58. Qxe5 fxe5 59. Ke4 Kd6 60. g5 Nd4 61. h6 gxh6 62. gxh6 1-0